Heartworm disease in dogs and cats /

Bibliographic Details
Main Author: Rawlings, Clarence A.
Format: Book
Language:English
Published: Philadelphia : Saunders, 1986.
Subjects:

MARC

Tag First Indicator Second Indicator Subfields
LEADER 00000pam a2200000 a 4500
001 in00004457511
005 20191202121241.0
008 851016s1986 paua b 00110 eng
010 |a  85026202  
020 |a 0721612210 
035 |a (OCoLC)12804950 
035 |z (UtOrBLW)4325 
035 |a 6539 
039 0 |a 2  |b 3  |c 3  |d 3  |e 3 
040 |a DLC  |c DLC  |d TMV  |d UtOrBLW 
049 |a TMVM  |c 1  |c 2 
050 0 0 |a SF992.H4  |b R38 1986 
060 4 |a SF 992.H4  |b R259h 1986 
100 1 |a Rawlings, Clarence A. 
245 1 0 |a Heartworm disease in dogs and cats /  |c Clarence A. Rawlings. 
264 1 |a Philadelphia :  |b Saunders,  |c 1986. 
300 |a vi, 329 pages :  |b illustrations ;  |c 24 cm. 
336 |a text  |2 rdacontent  |b txt 
337 |a unmediated  |2 rdamedia 
338 |a volume  |2 rdacarrier  |b nc 
504 |a Includes bibliographical references and index. 
650 2 |a Cat Diseases. 
650 2 |a Dirofilariasis. 
650 2 |a Dog Diseases. 
999 |a MARS 
999 f f |s fa43facf-a9ec-3dec-b138-e076d328e048  |i 1e626e27-55da-3d7a-943f-1f756795affa  |t 0 
952 f f |p preservation  |a Texas A&M University  |b J.J. Pickle Campus  |c High Density Repository  |d Remote Storage  |t 0  |e SF 992.H4 R259h 1986  |h National Library of Medicine classification  |i unmediated -- volume  |m 3238900247465 
998 f f |a SF 992.H4 R259h 1986  |t 0  |l Remote Storage